Artemis Fowl Enemies Quiz Stats

 Plays Quiz not verified by Sporcle

Score 0/12 Timer 08:00
0 Plays Today
Description Character % Correct
A technically savvy pixie whose inventions make Foaly jealous.Opal Koboi
93.5%
A shady Chicago buisnessman who steals the C Cube from Artemis FowlJon Spiro
82.1%
A warlike demon who traveled in time and brought home a book called 'Lady Heatherington Smythe's Hedgerow'Leon Abbot
81%
A bodyguard who works for Jon Spiro. This character shoots Butler.Arno Blunt
74.4%
A 12 year old genius who develops feelings for Artemis.Minerva Paradizo
71.4%
A psychopathic lieutenant who plans to kill Julius Root.Briar Cudgeon
70.2%
The elder brother of Julius RootTurnball Root
66.7%
A fish-smuggling pixie who almost kills Holly Short with a multimixer.Doodah Day
64.3%
A Chicago hit-man who was hired by Jon Spiro to capture Artemis Fowl.Loafers McGuire
51.2%
As a kid he believed that his brother was killed by demons. His real name is Jonah Lee.Billy Kong
50.6%
A goblin who is a commanding officer in the B'wa Kell, and mesmerized by Opal Koboi.General Scalene
47%
The leader of the Exctintionists.Dr. Damon Kronski
29.8%

You're not logged in!

Compare scores with friends on all Sporcle quizzes.
OR
Log In

Show Comments

Extras

Top Quizzes Today


Score Distribution

Your Account Isn't Verified!

In order to create a playlist on Sporcle, you need to verify the email address you used during registration. Go to your Sporcle Settings to finish the process.

Report this User

Report this user for behavior that violates our Community Guidelines.

Details: